| 000 | 01400nam a2200361 a 4500 | ||
|---|---|---|---|
| 001 | ebr5004179 | ||
| 003 | CaPaEBR | ||
| 006 | m u | ||
| 007 | cr cn||||||||| | ||
| 008 | 001030s2000 enk sb 001 0 eng | ||
| 010 | _z 00022535 | ||
| 015 | _aGBA0-66760 | ||
| 016 | 7 |
_a0415219868 _2Uk |
|
| 020 | _z0415219868 | ||
| 040 |
_aCaPaEBR _cCaPaEBR |
||
| 035 | _a(OCoLC)49569947 | ||
| 050 | 1 | 4 |
_aHD9710.A2 _bW47 2000eb |
| 082 | 0 | 4 |
_a629.2068 _221 |
| 100 | 1 |
_aWest, Penny, _d1951- |
|
| 245 | 1 | 0 |
_aOrganisational learning in the automotive sector _h[electronic resource] / _cPenny West. |
| 260 |
_aLondon : _bRoutledge, _c2000. |
||
| 300 | _a233 p. | ||
| 490 | 1 | _aRoutledge advances in management and business studies | |
| 504 | _aIncludes bibliographical references and index. | ||
| 533 |
_aElectronic reproduction. _bPalo Alto, Calif. : _cebrary, _d2013. _nAvailable via World Wide Web. _nAccess may be limited to ebrary affiliated libraries. |
||
| 650 | 0 |
_aAutomobile industry and trade _xManagement _vCase studies. |
|
| 650 | 0 |
_aOrganizational learning _vCase studies. |
|
| 650 | 0 | _aComparative management. | |
| 655 | 7 |
_aElectronic books. _2local |
|
| 710 | 2 | _aebrary, Inc. | |
| 830 | 0 | _aRoutledge advances in management and business studies. | |
| 856 | 4 | 0 |
_uhttp://site.ebrary.com/lib/rucke/Doc?id=5004179 _zAn electronic book accessible through the World Wide Web; click to view |
| 999 |
_c305 _d305 |
||